01556 2200409 4500001002100000005001500021035002000036007000300056008004100059082001500100084001700115100003100132245027500163300004000438650002300478700003700501700004300538700003200581700003400613700002900647700002900676700003900705700003100744700004000775700002900815264002900844336002100873337003000894338002300924040002200947090002200969850001200991999002201003250002601025500007301051990002201124INLIS00000000090444520260408111034 a0010-0426000138ta260311s2024 yoia g ind d04223a378.19 a378.19 NAN j0 aNanang KhuzainiePengarang10aJejak pengabdian di dusu Kuwangen Kidul /cNanang Khuzaini, Simon Pedro Api Djeen, Geri Ganisa Akhmal Hendarto, Andri Hardiyanto, Hikmawan Nasirudin, Bella Safitri, Nina Fitriana, Giezka Natalie Patanduk; penyunting, Luky Kurniawan, Agustinus Hary Setyawan, Agus Setyoko aviii, 88 halaman :bgambar ;c20 cm 4aKuliah kerja nyata0 aSimon Pedro Api DjeenePengarang0 aGeri Ganisa Akhmal HendartoePengarang0 aAndri HardiyantoePengarang0 aHikmawan NasirudinePengarang0 aBella SafitriePengarang0 aNina FitrianaePengarang0 aGiezka Natalie PatandukePengarang0 aLuky KurniawanePenyunting0 aAgustinus Hary SetyawanePenyunting0 aAgus SetyokoePenyunting31aBantul :bK-Media,c2024 2rdacontentateks 2rdamediaatanpa perantara 2rdacarrieravolume aYOPDYOGbinderda aCB-D.11 2024-7729 aYOPDYOG aCB-D.11/2024-7729 aCetakan November 2024 aDiterbitkan atas kerjasama dengan Universitas Mercu Buana Yogyakarta aCB-D.11/2024-7729